Loading...
Literature - European Literature | 0 | 12 | 1 | 2 | 115 | 88 | 123.00 | 1 | 2 |
History - World History | 0 | 11 | 1 | 5 | 105 | 68 | 120.82 | 1 | 3 |
Fine Arts - Other Fine Arts | 0 | 10 | 0 | 1 | 100 | 75 | 100.70 | 0 | 0 |
History - Other History | 0 | 10 | 1 | 3 | 95 | 63 | 116.30 | 1 | 3 |
Fine Arts - Painting & Sculpture | 0 | 9 | 1 | 0 | 85 | 19 | 94.89 | 2 | 5 |
Literature - World Literature | 0 | 7 | 1 | 0 | 65 | 36 | 93.29 | 1 | 3 |
Philosophy | 0 | 6 | 0 | 2 | 60 | 104 | 123.50 | 0 | 0 |
Science - Other Science | 0 | 6 | 1 | 0 | 55 | 65 | 102.33 | 0 | 1 |
Literature - British Literature | 0 | 6 | 1 | 0 | 55 | 116 | 132.00 | 0 | 0 |
Science - Biology | 0 | 6 | 2 | 1 | 50 | 86 | 109.17 | 0 | 1 |
Fine Arts - Classical Music | 0 | 6 | 3 | 1 | 45 | 80 | 113.83 | 0 | 1 |
Mythology | 0 | 4 | 0 | 0 | 40 | 92 | 96.25 | 0 | 1 |
Literature - American Literature | 0 | 4 | 1 | 1 | 35 | 43 | 118.50 | 0 | 0 |
History - American History | 0 | 5 | 3 | 0 | 35 | 70 | 104.60 | 0 | 2 |
History - European History | 0 | 5 | 3 | 2 | 35 | 50 | 111.40 | 0 | 2 |
Other Academic | 0 | 3 | 0 | 1 | 30 | 104 | 123.00 | 0 | 0 |
Geography | 0 | 4 | 2 | 1 | 30 | 82 | 111.75 | 1 | 1 |
Science - Chemistry | 0 | 4 | 2 | 1 | 30 | 101 | 121.75 | 0 | 1 |
Religion | 0 | 4 | 3 | 2 | 25 | 117 | 129.50 | 0 | 0 |
Social Science | 0 | 3 | 2 | 0 | 20 | 91 | 95.33 | 0 | 2 |
Science - Physics | 0 | 2 | 0 | 0 | 20 | 46 | 73.00 | 1 | 1 |
Current Events | 0 | 0 | 0 | 0 | 0 | 0.00 | 0 | 0 |